Statistics for Daily U.S. State Riddle #33

Click here to take the quiz!

General Stats

  • This quiz has been taken 71 times
  • The average score is 32 of 36

Answer Stats

TypeAnswer% Correct
Found LetterI
100%
Found LetterM
100%
Found LetterO
100%
Alphabet LetterR
100%
Found LetterS
100%
Found LetterA
98%
Alphabet LetterL
98%
Found LetterN
98%
Alphabet LetterC
97%
Alphabet LetterH
97%
Found LetterE
95%
Found LetterT
95%
Alphabet LetterW
94%
Alphabet LetterU
92%
Alphabet LetterY
92%
Alphabet LetterG
91%
Alphabet LetterK
91%
Alphabet LetterB
89%
Alphabet LetterD
89%
Alphabet LetterX
89%
Alphabet LetterZ
89%
Alphabet LetterF
88%
Alphabet LetterV
88%
Alphabet LetterP
86%
Correctly Placed LetterA
83%
Correctly Placed LetterI
83%
Correctly Placed LetterE
81%
Correctly Placed LetterN
81%
Correctly Placed LetterN
81%
Correctly Placed LetterS
81%
Alphabet LetterJ
80%
Correctly Placed LetterM
78%
Mystery U.S. StateMinnesota
78%
Correctly Placed LetterO
78%
Alphabet LetterQ
78%
Correctly Placed LetterT
78%

Score Distribution

Percentile by Number Answered

Percent of People with Each Score

Your Score History

You have not taken this quiz